Etiquette for ladies : a guide to the observances of good society.

Salvato in:
Dettagli Bibliografici
Ente Autore: Ward, Lock, and Co
Natura: Libro
Lingua:English
Pubblicazione: London ; : Melbourne : Ward, Lock, [1925].
Soggetti:
LEADER 00985cam a2200253 a 4500
001 c000392588
003 CARM
005 20130122092759.0
008 130122s1925 enk g 001 0 eng d
019 1 |a 69840540  |5 LACONCORD2021 
035 |a (OCoLC)1267897546  |5 LACONCORD2021 
040 |a NUN:S  |b eng  |c NUN:S  |d NHH 
245 0 0 |a Etiquette for ladies :  |b a guide to the observances of good society. 
246 3 4 |a Ward Lock & Co's etiquette for ladies 
260 |a London ; :  |b Melbourne :  |b Ward, Lock,  |c [1925]. 
300 |a 176 p. ;  |c 19 cm. 
500 |a Includes index. 
650 0 |a Etiquette for women  |v Handbooks, manuals, etc. 
710 2 |a Ward, Lock, and Co. 
852 8 |b CARM  |p 0588943  |f BK 
852 8 |b SCAN  |h A3:AG07A0  |i A05737  |p 0588943  |f BK 
999 f f |i 69c3c4e5-4b64-52ae-9eca-f66a78632da9  |s cf80e1c4-bcca-5791-9802-2f8fc2ef8243 
952 f f |p Can circulate  |a CAVAL  |b CAVAL  |c CAVAL  |d CARM 1 Store  |i book  |m 0588943 
952 f f |a CAVAL  |b CAVAL  |c CAVAL  |d Unmapped Location  |e A05737  |f A3:AG07A0  |h Other scheme